| 000 | 00441nab a2200145Ia 4500 | ||
|---|---|---|---|
| 003 | ES-SlBCS | ||
| 005 | 20210601130843.0 | ||
| 008 | 140529s1893 xxu||||| |||| 00| 0 fre d | ||
| 041 | _afre | ||
| 100 | 1 |
_aBatiffol, Pierre _916865 |
|
| 245 | 0 | 0 |
_aLa Vulgate Hiéronymienne d'après un livre nouveau _c Pierre Batiffol |
| 650 | 0 | 4 |
_aVulgata _9178075 |
| 773 | 0 |
_tRevue Biblique Internacionale _gvol. 2, 1893, págs. 544-559 _wRev879 |
|
| 942 | _cAR | ||
| 999 |
_c553515 _d553515 |
||